000 00356nam a2200133 i 4500
001 bg
100 1 _aKRASNOGORSKAJA, N. W.
245 0 _aElektricestwo niznich sloew atmosfery i metody ego izmerenija /
_cN.W. Krasnogorskaja.
260 _aLeningrad,
_c1972.
040 _cBPK
041 _apol
942 _cKS
008 s pl f |000 0 pol
999 _c14527
_d14527
856 _uhttp://koha.tu.koszalin.pl/cgi-bin/koha/opac-detail.pl?biblionumber=14527
_yKatalog online BPK